000
00312nam a2200133Ia 4500
008
191201s2011 xx 000 0 und d
100
_a
DEO,Nar Singh
245
0
_a
System Simulation with Digital Computer
250
_a
6th
260
_c
2011
_b
PHI
_a
N. Delhi
300
_a
200
650
_a
MCA
942
_2
ddc
_c
BB
999
_c
7517
_d
7517